Igualdad entre mujeres y hombres: instrumentos jurídicos y régimen de garantías

Guardat en:
Dades bibliogràfiques
Autor principal: Pérez-Ugena Coromina, María (Autor)
Format: Llibre
Idioma:espanyol
Publicat: Granada Comares S.L 2015
Edició:1a. ed
Matèries:
Etiquetes: Afegir etiqueta
Sense etiquetes, Sigues el primer a etiquetar aquest registre!

MARC

LEADER 00000cam a2200000 a 4500
001 UCC9411
003 CL-VaPUC
008 190927e20150000sp |||||||||||||||||spa|d
020 |a 9788490453087 
082 0 4 |a 305.4  |b PER  |2 21 
100 0 |a Pérez-Ugena Coromina, María  |e author  |9 604461 
245 1 0 |a Igualdad entre mujeres y hombres: instrumentos jurídicos y régimen de garantías 
250 |a 1a. ed 
300 |a 141 p 
942 |c BK 
945 |d 20190927 15:31:00  |a dcastane 
260 |a Granada  |b Comares S.L  |c 2015 
650 0 |a Mujeres  |9 257649 
650 0 |a Derechos de la mujer  |9 257074 
650 0 |a Igualdad de género   |9 546896 
650 7 |a IGUALDAD A LA LEY  |2 CL-VaPUC  |9 604462 
583 |a last modification  |c 20190927 15:31:00  |k Rodrigo Vera 
999 |c 375592  |d 375590 
952 |0 0  |1 0  |3 erb  |4 0  |6 305_400000000000000_PER_2015  |7 0  |8 WP_COW  |9 561415  |a BIBDER  |b BIBDER  |e Fundación W and P Cowley  |i 5601924  |o 305.4 PER 2015  |p 5601924  |r 2023-01-25  |w 2020-03-12  |y BK  |z Catalogado en:20190927  |k WPC